000 004760000a22001930004500
003 LK-CoMWRAF
005 20230924143450.0
008 230817t ||||| |||| 00| 0 eng d
040 _aLK-CoMWRAF
_dLK-CoMWRAF
_eLK-CoMWRAF
041 _aeng
082 _a909.097
_bNAJ
100 _aNajeebabadi, Akbar Shah
245 _aThe History of Islam
260 _aRiyadh :
_bDarussalam,
_c2000
300 _a520p
490 _aVolume one
650 _aIslam-History
942 _cBK
999 _c1639
_d1639